LEADER 00921nam--2200313---450- 001 990003655390203316 005 20120426163041.0 035 $a000365539 035 $aUSA01000365539 035 $a(ALEPH)000365539USA01 035 $a000365539 100 $a20120426d2011----km-y0itay50------ba 101 $aita 102 $aIT 105 $a||||||||001yy 200 1 $aAlbo d'oro dei caduti di Fisciano$fAntonio Schiano di Cola, Nicolino Farese 210 $aLancusi$cGutenberg$d2011 215 $a248 p.$cill.$d30 cm 606 0 $aCaduti$yFisciano$zSec. 20.$2BNCF 676 $a945.5 700 1$aSCHIANO DI COLA,$bAntonio$0563677 801 0$aIT$bsalbc$gISBD 912 $a990003655390203316 951 $aXV.1.A. 1461$b235286 L.M.$cXV.1.A.$d00310074 959 $aBK 969 $aUMA 979 $aMARTUCCIEL$b90$c20120426$lUSA01$h1630 996 $aAlbo d'oro dei caduti di Fisciano$91139889 997 $aUNISA LEADER 01005nam a22002531i 4500 001 991004078279707536 005 20031002154106.0 008 031111s1971 sz |||||||||||||||||fre 035 $ab12516703-39ule_inst 035 $aARCHE-054997$9ExL 040 $aDip.to Lingue$bita$cA.t.i. Arché s.c.r.l. Pandora Sicilia s.r.l. 082 04$a842.5 100 1 $aRiccoboni, Francesco$0192956 245 12$aL'art du théâtre :$bsuivi d'une lettre de M. Riccoboni fils a M. au sujet de l'art du théâtre /$cFrançois Riccoboni 260 $aGeneve :$bSlatkine Reprints,$c1971 300 $a[x], 104 p. ;$c22 cm 500 $aReimpre. de l'ed.: Paris : Simon, 1750 650 4$aTeatro francese$ySec. 18. 907 $a.b12516703$b02-04-14$c13-11-03 912 $a991004078279707536 945 $aLE012 842.5 RIO$g1$i2012000128798$lle012$o-$pE0.00$q-$rl$s- $t0$u1$v0$w1$x0$y.i12955942$z13-11-03 996 $aArt du théâtre$9184122 997 $aUNISALENTO 998 $ale012$b13-11-03$cm$da $e-$ffre$gsz $h2$i1